00891pam a2200265 a 4500001000500000005001700005020001800022040002300040050002000063082001100083100002800094245007900122250004300201260003600244300006100280490001100341505000800352520010000360521002000460521002000480650001900500650003000519650004000549700003600589332720250702103237.0 a9780590621861 aDLCcDLCdDLCbeng00aPZ7.L8432b199400a597.891 aLondon, Jonathand1947-10aLet's go, Froggy! /cby Jonathan London ; illustrated by Frank Remkiewicz. aFirst Scholastic printing , March 1996 aNew York : bScholastic, c1994 a32 unnumbered pages : bcolor illustrations ; c21 cm .  aFroggy aG  aFroggy and his father search the house for the mislaid items they will need on their bike trip. a420 bLexile  aG bRaz-Plus  1aFrogsxFiction 1aFathers and sonsxFiction 1aLost and found possessionsxFiction1 aRemkiewicz, Frankeillustrator